Peyote religion : a history /

Bibliographic Details
Main Author: Stewart, Omer Call, 1908-1991
Format: Book
Language:English
Published: Norman : University of Oklahoma Press, [1987]
Edition:1st ed.
Series:Civilization of the American Indian series ; v. 181.
Subjects:

MARC

Tag First Indicator Second Indicator Subfields
LEADER 00000cam a2200000 a 4500
001 in00000030256
005 20151007060244.0
008 870720s1987 okua b 00110 eng d
010 |a  87005941  
020 |a 0806120681 :  |c $29.95 
035 |a (OCoLC)16243881 
035 |9 AAC0420AM 
040 |a OKD  |c OKD  |d CDF  |d TXA  |d UtOrBLW 
049 |a TXAM  |c [A11688648] 
050 4 |a E98.R3  |b S76 1987 
100 1 |a Stewart, Omer Call,  |d 1908-1991. 
245 1 0 |a Peyote religion :  |b a history /  |c by Omer C. Stewart. 
250 |a 1st ed. 
264 1 |a Norman :  |b University of Oklahoma Press,  |c [1987] 
264 4 |c ©1987 
300 |a xvii, 454 pages :  |b illustrations ;  |c 24 cm. 
336 |a text  |b txt  |2 rdacontent 
337 |a unmediated  |b n  |2 rdamedia 
338 |a volume  |b nc  |2 rdacarrier 
490 1 |a The Civilization of the American Indian series ;  |v v. 181 
504 |a Bibliography: pages 389-436. 
500 |a Includes indexes. 
650 0 |a Peyotism  |x History. 
650 0 |a Indians of North America  |x Religion. 
830 0 |a Civilization of the American Indian series ;  |v v. 181. 
999 |a MARS 
999 f f |s b115cb55-986e-3c7a-b9c5-0ed02d75c69f  |i f5dec091-f93e-3139-8a32-b47264c9c02b  |t 0 
952 f f |p normal  |a Texas A&M University  |b College Station  |c Sterling C. Evans Library  |s Evans stk  |d Evans: Library Stacks  |t 0  |e E98.R3 S76 1987  |h Library of Congress classification  |i unmediated -- volume  |m A14811688648 
998 f f |a E98.R3 S76 1987  |t 0  |l Evans: Library Stacks